Derechos sociales y recursos de protección : ¿una relación difícil? /

En la actualidad, nuestro ordenamiento jurídico no contempla una concreción de los derechos sociales, mediante el recurso de protección. Lo anterior no es causal teniendo en cuenta los orígenes de la institucionalización de esta acción, los cuales han mantenido la resistencia de algunos sectores a i...

Full description

Bibliographic Details
Main Author: Bustos Bottai, Rodrigo
Format: Analitica de revista
Language:Spanish
Published: Santiago, Chile Universidad de Chile, Facultad de Derecho 2009
Subjects:

MARC

LEADER 00000cab a2200000 a 4500
001 030088
003 UAHC_CL
005 20170803123152.0
008 091228s2009 cl f 000 spa
040 |a UAHC_CL  |c UAHC_CL  |d UAHC_CL 
100 1 |a Bustos Bottai, Rodrigo 
245 1 0 |a Derechos sociales y recursos de protección :  |b ¿una relación difícil? /  |c Rodrigo Bustos Bottai. 
260 |b Universidad de Chile, Facultad de Derecho  |c 2009  |a Santiago, Chile 
300 |a p. 231-247 
500 |a En: Revista Derecho y Humanidades, no. 15, 2009. pp. 231-247. ISSN: 0716-9825. 
520 |a En la actualidad, nuestro ordenamiento jurídico no contempla una concreción de los derechos sociales, mediante el recurso de protección. Lo anterior no es causal teniendo en cuenta los orígenes de la institucionalización de esta acción, los cuales han mantenido la resistencia de algunos sectores a incorporar los cambioos producidos en la noción de derechos humanos, a lo que debemos sumar, la existencia de prejuicios sobre la efectividad real de proteger estos derechos. 
520 |a En la actualidad, nuestro ordenamiento jurídico no contempla una concreción de los derechos sociales, mediante el recurso de protección. Lo anterior no es causal teniendo en cuenta los orígenes de la institucionalización de esta acción, los cuales han mantenido la resistencia de algunos sectores a incorporar los cambioos producidos en la noción de derechos humanos, a lo que debemos sumar, la existencia de prejuicios sobre la efectividad real de proteger estos derechos. 
650 4 |a recurso de proteccion 
650 4 |a DERECHOS SOCIALES 
759 |a PP144 
773 0 |t Revista derecho y humanidades  |w 030081 
900 |a DERECHO HUMANIDAD.-15/09 
942 |c REVA 
952 |0 0  |1 0  |4 0  |6 DERECHO_HUMANIDAD_15_09_000000000000000  |7 0  |8 General  |9 58902  |a BC  |b BC  |c General  |d 2017-08-03  |l 0  |o DERECHO HUMANIDAD.-15/09  |p FICTICIO2120  |r 2019-01-08 00:00:00  |t 1  |w 2017-08-03  |y REVA 
999 |c 30088  |d 30088